[Event "NK Pupillendag 2015"]
[Site "Roosendaal"]
[Date "2015.06.20"]
[Round "7.16"]
[White "G04: Schoonenwolf Jack"]
[Black "Zanoli Olivier"]
[Result "1-0"]
[WhiteElo "521"]
[BlackElo "421"]
[PlyCount "183"]
[EventDate "2015.06.20"]
[WhiteClock "0:17:39"]
[BlackClock "0:16:03"]

1. e4 e5 2. Nf3 Nc6 3. Bb5 Qe7 4. Bxc6 dxc6 5. O-O Nf6 6. d3 Be6 7. Nc3 g6 8.
Bg5 Bg7 9. Qd2 O-O 10. Bh6 Bxh6 11. Qxh6 Ng4 12. Qh4 Qxh4 13. Nxh4 c5 14. Nf3
c4 15. Rad1 Rad8 16. Rfe1 cxd3 17. cxd3 Rfe8 18. h3 Nf6 19. Nxe5 Rd4 20. Nf3
Rb4 21. Rb1 Rd8 22. d4 Bc4 23. a3 Rb6 24. e5 Nd5 25. Nxd5 Rxd5 26. Rbc1 Bb5 27.
Rxc7 Bd3 28. Rc3 Bf5 29. Rc5 Rxc5 30. dxc5 Rxb2 31. Nd4 Bd3 32. c6 bxc6 33.
Nxc6 a6 34. Nb4 Bc4 35. a4 Ra2 36. Nxa2 Bxa2 37. e6 Bxe6 38. Rb1 Bd7 39. Rb6
Bxa4 40. Rxa6 Bb5 41. Ra8+ Kg7 42. Rb8 Bc6 43. Kh2 h5 44. g4 hxg4 45. hxg4 Bd7
46. Kg3 f5 47. gxf5 Bxf5 48. f4 Kh6 49. Rb5 Bd7 50. Rc5 Be6 51. Kh4 Bf5 52. Ra5
Bc8 53. Rc5 Be6 54. Re5 Bd7 55. Rd5 Bc6 56. Rc5 Bd7 57. Rd5 Be6 58. Re5 Bd7 59.
Re4 Bf5 60. Re5 Bd3 61. Kg4 Ba6 62. f5 gxf5+ 63. Rxf5 Kg6 64. Rg5+ Kf7 65. Ra5
Be2+ 66. Kg5 Kg7 67. Rf5 Bd3 68. Rd5 Bc4 69. Rd7+ Bf7 70. Kf5 Kg8 71. Kf6 Bc4
72. Ra7 Bd5 73. Ke5 Bf7 74. Kf6 Bc4 75. Kg6 Kf8 76. Kf6 Ke8 77. Rh7 Bd5 78. Ke5
Bc4 79. Kd6 Bf7 80. Rh8+ Bg8 81. Rxg8+ Kf7 82. Ra8 Kf6 83. Rf8+ Kg5 84. Ke6 Kg4
85. Ke5 Kg3 86. Ke4 Kg2 87. Ke3 Kg1 88. Ke2 Kg2 89. Rg8+ Kh2 90. Kf3 Kh1 91.
Kf2 Kh2 92. Rh8# 1-0

[Event "NK Pupillendag 2015"]
[Site "Roosendaal"]
[Date "2015.06.20"]
[Round "2.8"]
[White "F08: Katsarov Maks"]
[Black "Bello Ingo"]
[Result "0-1"]
[WhiteElo "532"]
[BlackElo "673"]
[PlyCount "84"]
[EventDate "2015.06.20"]
[WhiteClock "0:04:08"]
[BlackClock "0:15:41"]

1. d4 d5 2. c4 c6 3. Nc3 Nf6 4. Nf3 g6 5. Bg5 Bg7 6. e3 O-O 7. Be2 Bf5 8. O-O
Nbd7 9. Qd2 Nb6 10. c5 Nc4 11. Bxc4 dxc4 12. Qe2 Bd3 13. Qd2 Bxf1 14. Rxf1 Qc7
15. Bf4 Qc8 16. e4 b5 17. Bh6 b4 18. Ne2 Nxe4 19. Qe3 f5 20. Bxg7 Kxg7 21. d5
cxd5 22. Qd4+ Nf6 23. Nf4 Qd7 24. Ng5 Kg8 25. Rd1 Rac8 26. Nxd5 Nxd5 27. Qxd5+
Qxd5 28. Rxd5 Rcd8 29. Rxd8 Rxd8 30. g3 c3 31. bxc3 bxc3 32. Ne6 Rd1+ 33. Kg2
c2 34. c6 c1=Q 35. c7 Qc6+ 36. Kh3 Qxe6 37. c8=Q+ Qxc8 38. g4 fxg4+ 39. Kg3
Rg1+ 40. Kh4 g5+ 41. Kh5 Qf5 42. Kh6 Qg6# 0-1

[Event "NK Pupillendag 2015"]
[Site "Roosendaal"]
[Date "2015.06.20"]
[Round "4.2"]
[White "F02: Ang Rufus"]
[Black "Honkoop Stella"]
[Result "0-1"]
[WhiteElo "546"]
[BlackElo "895"]
[PlyCount "36"]
[EventDate "2015.06.20"]
[WhiteClock "0:15:21"]
[BlackClock "0:14:25"]

1. e4 e6 2. d4 d5 3. e5 c5 4. c3 Nc6 5. Nf3 Qb6 6. Be3 Qxb2 7. Qb3 Qxa1 8. Bd3
c4 9. Qa3 Bxa3 10. O-O cxd3 11. Nxa3 Qxc3 12. Nb5 Qa5 13. Rb1 Nge7 14. Bd2 Qd8
15. Bb4 Nxb4 16. Rxb4 O-O 17. Nd6 Qc7 18. Rb3 Qc1+ 0-1

[Event "NK Pupillendag 2015"]
[Site "Roosendaal"]
[Date "2015.06.20"]
[Round "4.3"]
[White "F03: Warnaar Tim"]
[Black "Van Der Hagen Loek"]
[Result "0-1"]
[WhiteElo "500"]
[BlackElo "863"]
[PlyCount "50"]
[EventDate "2015.06.20"]
[WhiteClock "0:15:53"]
[BlackClock "0:15:46"]

1. e4 c5 2. d3 Nc6 3. Be3 d6 4. Nc3 Nf6 5. Nf3 g6 6. Qe2 Bg7 7. Bf4 O-O 8. e5
dxe5 9. Bxe5 Bg4 10. Qe4 Bxf3 11. Qxf3 Nxe5 12. Qxb7 Qc8 13. Qe4 Nc6 14. Qf3
Nd4 15. Qd1 Qe6+ 16. Be2 Rab8 17. b3 Nd5 18. Nxd5 Qxd5 19. O-O Nxe2+ 20. Qxe2
Bxa1 21. Rxa1 Qd4 22. Re1 Rfe8 23. Qf3 Qc3 24. Re2 Qa1+ 25. Re1 Qxe1# 0-1

[Event "NK Pupillendag 2015"]
[Site "Roosendaal"]
[Date "2015.06.20"]
[Round "3.24"]
[White "H04: Van Bemmel Twan"]
[Black "Kazarjan Gachatur"]
[Result "0-1"]
[WhiteElo "477"]
[BlackElo "428"]
[PlyCount "136"]
[EventDate "2015.06.20"]
[WhiteClock "0:19:54"]
[BlackClock "0:17:14"]

1. e4 e5 2. Nf3 Nc6 3. Nc3 d6 4. Bc4 Bg4 5. d3 Nf6 6. O-O Be7 7. Ng5 Bxd1 8.
Nxf7 Qd7 9. Nxh8 Qg4 10. h3 Qh5 11. Bf7+ Qxf7 12. Nxf7 Kxf7 13. Rxd1 Nb4 14.
Rd2 Nd7 15. a3 Bg5 16. Rd1 Nxc2 17. Rb1 Bxc1 18. Rbxc1 Nd4 19. b4 a5 20. Ra1
axb4 21. axb4 Re8 22. b5 Nc5 23. Rab1 Ra8 24. b6 cxb6 25. Rxb6 Ke7 26. Nd5+ Kd7
27. Rbb1 Ne2+ 28. Kh2 Rf8 29. Nb6+ Kc6 30. Rf1 Nxd3 31. Nd5 g6 32. Rb6+ Kc5 33.
Rxb7 Kd4 34. f3 Nc5 35. Rxh7 Nxe4 36. Re1 N4g3 37. Ne7 Ke3 38. Nd5+ Kf2 39. Rg7
Kxe1 40. Rxg6 Nf1+ 41. Kh1 Neg3+ 42. Kg1 Ne2+ 43. Kh1 Nfg3+ 44. Kh2 Nf1+ 45.
Kh1 Nf4 46. Rxd6 Rg8 47. g4 Rc8 48. Nxf4 exf4 49. Re6+ Kf2 50. g5 Rg8 51. h4
Kxf3 52. g6 Ng3+ 53. Kh2 Kg4 54. Re4 Nxe4 55. g7 f3 56. Kg1 f2+ 57. Kf1 Rc8 58.
g8=Q+ Rxg8 59. h5 Rc8 60. Ke2 Rc1 61. Ke3 f1=Q 62. Kxe4 Qf3+ 63. Ke5 Rc4 64.
Ke6 Qf5+ 65. Ke7 Rc6 66. Kd8 Qf7 67. h6 Re6 68. h7 Re8# 0-1

[Event "NK Pupillendag 2015"]
[Site "Roosendaal"]
[Date "2015.06.20"]
[Round "3.13"]
[White "G01: Van Dongen Jesse"]
[Black "Han Yichen"]
[Result "0-1"]
[WhiteElo "500"]
[BlackElo "1063"]
[PlyCount "88"]
[EventDate "2015.06.20"]
[WhiteClock "0:16:09"]
[BlackClock "0:16:14"]

1. d4 d5 2. Nc3 Nc6 3. Bg5 Bf5 4. Nf3 h6 5. Bh4 Nf6 6. Bxf6 exf6 7. e3 Bb4 8.
Qd2 O-O 9. Bd3 Bh7 10. Bxh7+ Kxh7 11. a3 Ba5 12. O-O Qe7 13. Rfe1 Rfe8 14. Qd3+
Kg8 15. e4 Bxc3 16. Qxc3 dxe4 17. Qe3 exf3 18. Qxe7 Rxe7 19. Rxe7 Nxe7 20. Re1
Nc6 21. d5 Ne5 22. g3 Rd8 23. Rd1 Rd6 24. b3 c6 25. c4 cxd5 26. Rxd5 Rxd5 27.
cxd5 Kf8 28. Kf1 Ke7 29. Ke1 Kd6 30. Kd2 Kxd5 31. Kc3 Kc5 32. b4+ Kb5 33. Kb3
Ng4 34. a4+ Kb6 35. a5+ Kb5 36. h4 Nxf2 37. g4 Nxg4 38. h5 f2 39. a6 b6 40. Kc2
f1=Q 41. Kb2 Kxb4 42. Ka2 Qe2+ 43. Kb1 Kb3 44. Ka1 Qd1# 0-1

[Event "NK Pupillendag 2015"]
[Site "Roosendaal"]
[Date "2015.06.20"]
[Round "3.2"]
[White "F02: Honkoop Stella"]
[Black "Tran Kimmily"]
[Result "1-0"]
[WhiteElo "895"]
[BlackElo "650"]
[PlyCount "95"]
[EventDate "2015.06.20"]
[WhiteClock "0:01:30"]
[BlackClock "0:03:21"]

1. e4 e5 2. Nf3 Nc6 3. d4 exd4 4. Nxd4 Bc5 5. Be3 Qf6 6. c3 Nge7 7. Bc4 O-O 8.
O-O d6 9. b4 Bb6 10. a4 a5 11. Nxc6 Nxc6 12. b5 Ne5 13. Bxb6 Nxc4 14. Bd4 Qg6
15. f3 Bh3 16. Rf2 Rfe8 17. Qe2 Ne5 18. Kh1 Bd7 19. h3 c5 20. Be3 h6 21. f4 Ng4
22. hxg4 Bxg4 23. Qc2 Rxe4 24. Bd2 Qh5+ 25. Kg1 Re2 26. Rxe2 Bxe2 27. Qe4 f5
28. Qxb7 Re8 29. Qd5+ Kh8 30. Na3 Qg4 31. Re1 Re4 32. Kf2 Kh7 33. Nc2 c4 34.
Nd4 Bd3 35. Rxe4 Bxe4 36. Qxc4 Qxg2+ 37. Ke1 Qg3+ 38. Kd1 Qg1+ 39. Ke2 Qg4+ 40.
Ke1 Kg6 41. b6 Kh5 42. Nc6 Qg1+ 43. Ke2 Qxb6 44. Nd4 Qb1 45. Qf7+ g6 46. Qc4
Bd3+ 47. Qxd3 Qg1 48. Qh3# 1-0

[Event "NK Pupillendag 2015"]
[Site "Roosendaal"]
[Date "2015.06.20"]
[Round "2.22"]
[White "H02: Huang Wendy"]
[Black "Maris Lauri"]
[Result "1-0"]
[WhiteElo "598"]
[BlackElo "376"]
[PlyCount "71"]
[EventDate "2015.06.20"]
[WhiteClock "0:14:05"]
[BlackClock "0:14:49"]

1. e4 e5 2. Nf3 Nc6 3. Bc4 Nf6 4. Nc3 Bb4 5. d3 Bxc3+ 6. bxc3 O-O 7. Bg5 h6 8.
Bxf6 Qxf6 9. d4 exd4 10. cxd4 Qd8 11. d5 Nb8 12. O-O d6 13. h3 Bd7 14. Re1 Re8
15. a3 b5 16. Bb3 c6 17. dxc6 Bxc6 18. Bd5 Bxd5 19. exd5 Rxe1+ 20. Qxe1 Nd7 21.
Qb4 Qb6 22. c4 bxc4 23. Qxc4 Qb2 24. Qc1 Qxc1+ 25. Rxc1 Nf6 26. Rd1 Rc8 27. Nh4
g5 28. Nf5 Rc5 29. Nxh6+ Kg7 30. Nf5+ Kg6 31. Nxd6 Nxd5 32. Ne4 Ra5 33. Kh2 Nb6
34. Rd6+ Kh5 35. g4+ Kh4 36. Rh6# 1-0

[Event "NK Pupillendag 2015"]
[Site "Roosendaal"]
[Date "2015.06.20"]
[Round "2.23"]
[White "H03: Guzman Esteban"]
[Black "Deshmukh Om"]
[Result "0-1"]
[WhiteElo "316"]
[BlackElo "543"]
[PlyCount "86"]
[EventDate "2015.06.20"]
[WhiteClock "0:12:34"]
[BlackClock "0:12:59"]

1. e4 e5 2. Bc4 Nc6 3. Nf3 h6 4. d3 Nf6 5. b4 Bxb4+ 6. c3 Bc5 7. d4 exd4 8.
cxd4 Bd6 9. e5 Be7 10. exf6 Bxf6 11. Nc3 Qe7+ 12. Be3 Qa3 13. Qd3 Nb4 14. Qf5
d5 15. Bc1 Qxc3+ 16. Bd2 Qxa1+ 17. Ke2 Qxh1 18. Bb5+ c6 19. Qf4 cxb5 20. Bxb4
Qb1 21. a3 Qc2+ 22. Ke1 a5 23. Bc5 Qc3+ 24. Kd1 Bxd4 25. Bxd4 Qb3+ 26. Ke1 Qb1+
27. Ke2 O-O 28. Bc5 Qc2+ 29. Ke1 Qxc5 30. h4 Re8+ 31. Ne5 f6 32. g4 Rxe5+ 33.
Kf1 Qxa3 34. g5 Bh3+ 35. Kg1 Qa1+ 36. Kh2 hxg5 37. hxg5 fxg5 38. Qxe5 Qxe5+ 39.
Kxh3 Qf5+ 40. Kg2 Re8 41. f3 Re2+ 42. Kg3 Qf4+ 43. Kh3 Qh4# 0-1

[Event "NK Pupillendag 2015"]
[Site "Roosendaal"]
[Date "2015.06.20"]
[Round "4.1"]
[White "F01: Rutten Alexander"]
[Black "Salomons Matthijs"]
[Result "1-0"]
[WhiteElo "1333"]
[BlackElo "624"]
[PlyCount "131"]
[EventDate "2015.06.20"]
[WhiteClock "0:19:24"]
[BlackClock "0:18:20"]

1. e4 e6 2. d4 d5 3. exd5 exd5 4. Nc3 Nf6 5. Nf3 Bg4 6. Bg5 Nbd7 7. Nxd5 Bxf3
8. Qxf3 c6 9. Nxf6+ Nxf6 10. Bxf6 Qxf6 11. Qxf6 gxf6 12. O-O-O O-O-O 13. Bc4
Rd7 14. Rhe1 Bh6+ 15. Kb1 Bf4 16. h3 b5 17. Bb3 a5 18. a4 b4 19. Re4 Bg5 20.
Rde1 Rhd8 21. Re8 Bd2 22. R1e2 Rxd4 23. Rxd8+ Kxd8 24. Bxf7 Kd7 25. Bg8 Bg5 26.
Bxh7 Rd1+ 27. Ka2 c5 28. Bf5+ Kd6 29. f3 Kd5 30. Re4 c4 31. Be6+ Kc5 32. Rxc4+
Kd6 33. Bf5 Bf4 34. Rxf4 Rd2 35. Rg4 Ke5 36. Bd3 f5 37. Rg5 Kd4 38. Rxf5 Rxg2
39. Rxa5 Rxc2 40. Bxc2 Kc4 41. Bb3+ Kd3 42. Rd5+ Ke3 43. Kb1 Kxf3 44. Kc2 Ke2
45. Re5+ Kf3 46. Kd2 Kf4 47. Re1 Kf5 48. Kd3 Kf4 49. Bc4 Kf5 50. Kd4 Kf6 51.
Kd5 Kf5 52. Rf1+ Kg5 53. Ke4 Kh4 54. Rg1 Kh5 55. Kf4 Kh4 56. Rg4+ Kh5 57. Kf5
Kh6 58. h4 Kh5 59. Bf7+ Kh6 60. Rg6+ Kh5 61. Rg5+ Kh6 62. Ba2 Kh7 63. Bb1 Kh6
64. h5 b3 65. Rg1 Kxh5 66. Rh1# 1-0

[Event "NK Pupillendag 2015"]
[Site "Roosendaal"]
[Date "2015.06.20"]
[Round "4.6"]
[White "F06: Arnold Lorin"]
[Black "Tjong Tjin Joe Wesley"]
[Result "0-1"]
[WhiteElo "494"]
[BlackElo "757"]
[PlyCount "56"]
[EventDate "2015.06.20"]
[WhiteClock "0:16:43"]
[BlackClock "0:16:43"]

1. e4 e5 2. Nf3 Nc6 3. Nc3 Nf6 4. Bc4 Nxe4 5. Nxe4 d5 6. Nxe5 Nxe5 7. d4 Nxc4
8. b3 Nd6 9. Nxd6+ Bxd6 10. Qe2+ Be6 11. O-O O-O 12. c4 c6 13. cxd5 cxd5 14. f4
f5 15. Qxe6+ Kh8 16. Qxd5 g5 17. fxg5 Bxh2+ 18. Kxh2 Qxd5 19. Bb2 Qd6+ 20. g3
Kg8 21. Rad1 Qe6 22. Rfe1 Qc6 23. d5 Qc2+ 24. Kg1 Qxb2 25. Re7 Qxa2 26. d6 Qxb3
27. d7 Qxd1+ 28. Kf2 Rad8 0-1

[Event "NK Pupillendag 2015"]
[Site "Roosendaal"]
[Date "2015.06.20"]
[Round "3.16"]
[White "G04: De Boer Sem"]
[Black "Van Egmond Tom"]
[Result "1-0"]
[WhiteElo "534"]
[BlackElo "489"]
[PlyCount "55"]
[EventDate "2015.06.20"]
[WhiteClock "0:15:24"]
[BlackClock "0:14:25"]

1. e4 e5 2. Nf3 Nc6 3. Bc4 Nf6 4. Ng5 d5 5. exd5 Nxd5 6. Nxf7 Kxf7 7. Qf3+ Ke6
8. Nc3 Ncb4 9. Bxd5+ Nxd5 10. Qe4 Nxc3 11. dxc3 Qd6 12. Bf4 Ke7 13. Bg5+ Kd7
14. Qg4+ Qe6 15. Qa4+ c6 16. O-O-O+ Bd6 17. Qb4 Kc7 18. Qa5+ b6 19. Qa4 Qg6 20.
Be3 Bg4 21. Rd2 Bc5 22. Bxc5 bxc5 23. Qa5+ Kb7 24. f3 Bf5 25. Rhd1 Qf6 26. Rd7+
Bxd7 27. Rxd7+ Kb8 28. Qc7# 1-0

[Event "NK Pupillendag 2015"]
[Site "Roosendaal"]
[Date "2015.06.20"]
[Round "4.5"]
[White "F05: Bruggink Lyne"]
[Black "Zubair Muhammad Saad"]
[Result "0-1"]
[WhiteElo "561"]
[BlackElo "805"]
[PlyCount "126"]
[EventDate "2015.06.20"]
[WhiteClock "0:12:53"]
[BlackClock "0:06:15"]

1. e4 e5 2. Nf3 Nc6 3. Bc4 Bc5 4. O-O d6 5. d3 Bg4 6. h3 Bh5 7. Nbd2 Nd4 8. c3
Nxf3+ 9. Nxf3 Nf6 10. d4 exd4 11. cxd4 Bxf3 12. Qxf3 Bxd4 13. Rd1 Be5 14. Bf4
Bxb2 15. Rab1 d5 16. exd5 Bd4 17. Rxd4 O-O 18. Qg3 Nh5 19. Qg4 Qf6 20. Rbd1 c5
21. Re4 Nxf4 22. Rxf4 Qg6 23. Qh4 Qd6 24. Bd3 h6 25. Qg4 a6 26. Rd2 b5 27. Re4
f5 28. Qh5 fxe4 29. Bxe4 Qf4 30. Re2 Qg5 31. Qxg5 hxg5 32. Bg6 c4 33. Rc2 a5
34. Bh5 Rac8 35. Bg4 Rc5 36. Be6+ Kh8 37. Rc3 b4 38. Rg3 Rf6 39. Re3 c3 40. g4
c2 41. Kg2 c1=Q 42. Bf5 Rxf5 43. gxf5 Rc2 44. Re8+ Kh7 45. d6 Rd2 46. Re6 Qc6+
47. Kg1 Rxd6 48. Re3 Rh6 49. Kf1 Qc4+ 50. Kg2 Qc3 51. Re8 Qxh3+ 52. Kg1 Rh4 53.
Re3 Rg4+ 54. Rg3 Rxg3+ 55. fxg3 Qxg3+ 56. Kf1 b3 57. axb3 Qxb3 58. Ke1 a4 59.
f6 gxf6 60. Kd2 a3 61. Kc1 Qb2+ 62. Kd1 a2 63. Ke1 a1=Q# 0-1

[Event "NK Pupillendag 2015"]
[Site "Roosendaal"]
[Date "2015.06.20"]
[Round "4.4"]
[White "F04: Lipschart Olivier"]
[Black "Roebers Eline"]
[Result "1-0"]
[WhiteElo "709"]
[BlackElo "835"]
[PlyCount "40"]
[EventDate "2015.06.20"]
[WhiteClock "0:14:30"]
[BlackClock "0:12:52"]

1. e4 e5 2. Nf3 Nc6 3. Bc4 Nf6 4. Ng5 Bc5 5. Nxf7 Bxf2+ 6. Kxf2 Nxe4+ 7. Kf1
Qh4 8. Qf3 Nxd2+ 9. Nxd2 Rf8 10. g3 Qe7 11. Kg2 b6 12. Rf1 Bb7 13. Kg1 Na5 14.
Qh5 Qc5+ 15. Rf2 g6 16. Qg4 Rxf7 17. Bxf7+ Kd8 18. Ne4 Qc6 19. Bg5+ Kc8 20. Bd5
Qc5 1-0

[Event "NK Pupillendag 2015"]
[Site "Roosendaal"]
[Date "2015.06.20"]
[Round "4.7"]
[White "F07: Muntean Felix"]
[Black "Bello Ingo"]
[Result "0-1"]
[WhiteElo "542"]
[BlackElo "673"]
[PlyCount "148"]
[EventDate "2015.06.20"]
[WhiteClock "0:15:59"]
[BlackClock "0:21:18"]

1. e4 c5 2. Nf3 Nc6 3. Nc3 d6 4. Bc4 Bg4 5. Be2 Nf6 6. O-O g6 7. Qe1 Bxf3 8.
Bxf3 Nd4 9. Be2 Nxc2 10. Qd1 Nxa1 11. d3 Bg7 12. Be3 O-O 13. Qxa1 d5 14. exd5
Nxd5 15. Bf3 Nxc3 16. bxc3 Rb8 17. Bxc5 b6 18. Bd4 e5 19. Be3 Qxd3 20. Rd1 Qf5
21. h3 e4 22. Bg4 Qa5 23. Bd4 Bxd4 24. Rxd4 f5 25. Be2 Rbc8 26. Qb1 Qxc3 27.
Qb3+ Qxb3 28. axb3 Rfd8 29. Bc4+ Kh8 30. Rxd8+ Rxd8 31. Kf1 Kg7 32. Ke2 Kf6 33.
Ke3 Ke5 34. f4+ exf3 35. gxf3 Rd4 36. Bg8 h6 37. Bh7 g5 38. Bg6 Rh4 39. Bf7
Rxh3 40. Bc4 h5 41. Bf1 Rh2 42. Bd3 h4 43. f4+ gxf4+ 44. Kf3 h3 45. Bf1 a5 46.
b4 a4 47. b5 a3 48. Bd3 Rf2+ 49. Kxf2 a2 50. Bf1 a1=Q 51. Bxh3 Ke4 52. Bg2+ Kd3
53. Bf1+ Qxf1+ 54. Kxf1 Kc4 55. Kf2 Kxb5 56. Kf3 Kc4 57. Kxf4 Kc3 58. Kxf5 b5
59. Ke4 b4 60. Ke3 Kc2 61. Kd4 b3 62. Kc4 b2 63. Kc5 b1=Q 64. Kc6 Qb4 65. Kd5
Kd3 66. Ke5 Qe4+ 67. Kf6 Kd4 68. Kg7 Qe6 69. Kh8 Ke5 70. Kg7 Kf5 71. Kh7 Qf6
72. Kg8 Qh6 73. Kf7 Qh7+ 74. Ke8 Ke5 0-1

[Event "NK Pupillendag 2015"]
[Site "Roosendaal"]
[Date "2015.06.20"]
[Round "4.8"]
[White "F08: Donders Hendrik"]
[Black "Mensing Luana"]
[Result "0-1"]
[WhiteElo "664"]
[BlackElo "407"]
[PlyCount "74"]
[EventDate "2015.06.20"]
[WhiteClock "0:15:10"]
[BlackClock "0:16:17"]

1. d4 d5 2. e3 Nf6 3. Bd3 e6 4. c3 b6 5. Nf3 Bd6 6. O-O O-O 7. Ne5 Ba6 8. Bxa6
Nxa6 9. Nc6 Qd7 10. Ne5 Bxe5 11. dxe5 Ne4 12. f3 Ng5 13. e4 h6 14. exd5 exd5
15. Bxg5 hxg5 16. Rf2 Qb5 17. Qe1 Nc5 18. Re2 Nd3 19. Qd2 Rfe8 20. Re3 Nxb2 21.
Na3 Qc5 22. c4 dxc4 23. Qc3 Re7 24. Rb1 Na4 25. Qxc4 Qxe3+ 26. Kf1 Qxa3 27. Rb4
Nb2 28. Qb3 Qxb3 29. Rxb3 Nc4 30. g4 Nd2+ 31. Kg2 Nxb3 32. axb3 Rxe5 33. Kg3
Rd8 34. h3 Rd1 35. Kf2 Rd2+ 36. Kg3 Re1 37. f4 Re3# 0-1

[Event "NK Pupillendag 2015"]
[Site "Roosendaal"]
[Date "2015.06.20"]
[Round "3.1"]
[White "F01: Bello Ingo"]
[Black "Rutten Alexander"]
[Result "0-1"]
[WhiteElo "673"]
[BlackElo "1333"]
[PlyCount "30"]
[EventDate "2015.06.20"]
[WhiteClock "0:12:13"]
[BlackClock "0:16:33"]

1. e4 c5 2. Nf3 d6 3. d4 cxd4 4. Nxd4 Nf6 5. Nc3 a6 6. Bg5 Nbd7 7. Qe2 b5 8. f4
Bb7 9. O-O-O b4 10. Na4 Nxe4 11. Bh4 Qa5 12. b3 Nc3 13. Nxc3 bxc3 14. Be1 Qa3+
15. Kb1 Qb2# 0-1

[Event "NK Pupillendag 2015"]
[Site "Roosendaal"]
[Date "2015.06.20"]
[Round "3.8"]
[White "F08: Geelhoed Merel"]
[Black "Donders Hendrik"]
[Result "0-1"]
[WhiteElo "405"]
[BlackElo "664"]
[PlyCount "138"]
[EventDate "2015.06.20"]
[WhiteClock "0:13:19"]
[BlackClock "0:13:09"]

1. e4 e5 2. Nf3 d6 3. Bc4 Qe7 4. d3 Be6 5. Bb5+ c6 6. Bc4 Bxc4 7. dxc4 Qc7 8.
O-O Be7 9. Nc3 Nf6 10. a4 O-O 11. b4 c5 12. bxc5 dxc5 13. Nd5 Nxd5 14. Qxd5 Nd7
15. c3 Bd6 16. Qd3 Qc6 17. Ng5 g6 18. Qh3 Nf6 19. Nf3 Qxe4 20. Nd2 Qc6 21. Nb3
b6 22. Nd2 Rfe8 23. Nf3 e4 24. Nh4 Nh5 25. Qg4 Bc7 26. f3 Qd6 27. g3 exf3 28.
Rxf3 Qd1+ 29. Kg2 Re2+ 30. Rf2 Rxf2+ 31. Kxf2 Qc2+ 32. Kg1 Rd8 33. Bh6 Qxc3 34.
Rc1 Qd4+ 35. Qxd4 Rxd4 36. Re1 Nf6 37. Nf3 Rxc4 38. Ne5 Re4 39. Rxe4 Nxe4 40.
Bf4 Bxe5 41. Bxe5 a6 42. Kg2 b5 43. axb5 axb5 44. Bb2 c4 45. Kf3 Nd2+ 46. Ke2
Nb3 47. Ke3 b4 48. Ke2 c3 49. Kd1 cxb2 50. Kc2 Nd4+ 51. Kxb2 Nc6 52. Kb3 f5 53.
Kc4 g5 54. Kc5 f4 55. gxf4 gxf4 56. Kxc6 f3 57. Kb5 f2 58. Kxb4 f1=Q 59. Kc5
Kf7 60. Kd4 Qe1 61. Kc5 Ke6 62. Kc4 Qd1 63. h4 Ke5 64. h5 Qd4+ 65. Kb3 Ke4 66.
h6 Kd3 67. Ka2 Qb6 68. Ka3 Kc3 69. Ka2 Qb2# 0-1

[Event "NK Pupillendag 2015"]
[Site "Roosendaal"]
[Date "2015.06.20"]
[Round "3.11"]
[White "F11: Van Hagen Fabiënne"]
[Black "Gardair Nils"]
[Result "1-0"]
[WhiteElo "401"]
[BlackElo "589"]
[PlyCount "77"]
[EventDate "2015.06.20"]
[WhiteClock "0:15:38"]
[BlackClock "0:04:05"]

1. e4 e5 2. Nf3 Nc6 3. Bb5 d6 4. Bxc6+ bxc6 5. O-O Nf6 6. Nc3 Bg4 7. d3 d5 8.
h3 Bxf3 9. Qxf3 d4 10. Na4 Be7 11. Bg5 Rb8 12. b3 O-O 13. c4 dxc3 14. Nxc3 Rb4
15. a3 Rxb3 16. Bd2 Bxa3 17. Rfb1 Bb2 18. Rxa7 Bxc3 19. Rxb3 Bxd2 20. Qd1 Bg5
21. Rbb7 Nxe4 22. Rxc7 Nf6 23. Qa4 Qxd3 24. Ra8 Qb1+ 25. Kh2 Ne8 26. Rcc8 h6
27. g4 Bf4+ 28. Kg2 Qb2 29. Qe4 g6 30. Rxe8 Rxe8 31. Rxe8+ Kh7 32. Kf3 c5 33.
Qc4 Qa3+ 34. Kg2 h5 35. Qxf7+ Kh6 36. Rh8+ Kg5 37. h4+ Kxg4 38. Qxg6+ Bg5 39.
Qxg5# 1-0

[Event "NK Pupillendag 2015"]
[Site "Roosendaal"]
[Date "2015.06.20"]
[Round "3.12"]
[White "F12: Bruggink Lyne"]
[Black "Mang Dalya"]
[Result "1-0"]
[WhiteElo "561"]
[BlackElo "406"]
[PlyCount "25"]
[EventDate "2015.06.20"]
[WhiteClock "0:16:04"]
[BlackClock "0:13:23"]

1. e4 e5 2. Nf3 Nc6 3. Bc4 h6 4. O-O Nf6 5. Nc3 Bc5 6. d3 O-O 7. Nh4 d6 8. Qf3
Nd4 9. Qg3 Bb4 10. Re1 Nxc2 11. Bxh6 g6 12. Qxg6+ Kh8 13. Qg7# 1-0

[Event "NK Pupillendag 2015"]
[Site "Roosendaal"]
[Date "2015.06.20"]
[Round "3.5"]
[White "F05: Zubair Muhammad Saad"]
[Black "Ang Rufus"]
[Result "0-1"]
[WhiteElo "805"]
[BlackElo "546"]
[PlyCount "128"]
[EventDate "2015.06.20"]
[WhiteClock "0:17:05"]
[BlackClock "0:17:34"]

1. d4 d5 2. c4 c6 3. Nc3 Nf6 4. Bg5 Bf5 5. e3 e6 6. Nf3 Bd6 7. c5 Bc7 8. Bd3
Bxd3 9. Qxd3 h6 10. Bh4 g5 11. Bg3 Rg8 12. Bxc7 Qxc7 13. e4 dxe4 14. Nxe4 Nxe4
15. Qxe4 Nd7 16. Qh7 O-O-O 17. Qd3 e5 18. O-O Rge8 19. dxe5 Nxe5 20. Qe2 Nxf3+
21. Qxf3 Rf8 22. Qh3+ Kb8 23. Qxh6 Rh8 24. Qd6 Rxd6 25. cxd6 Qxd6 26. g3 a6 27.
b3 Qh6 28. Kg2 Qxh2+ 29. Kf3 g4+ 30. Ke2 Re8+ 31. Kd3 Qh7+ 32. Kc3 Qe4 33. Kb2
Qd3 34. Rfd1 Qe2+ 35. Ka3 Qxf2 36. Rg1 b5 37. Raf1 Qd2 38. Rd1 Qa5+ 39. Kb2 b4
40. Rc1 Re2+ 41. Rc2 Rxc2+ 42. Kxc2 Qxa2+ 43. Kd3 Qxb3+ 44. Kd4 Qc3+ 45. Ke4 b3
46. Kf5 b2 47. Kxg4 Qc2 48. Kg5 Qc1+ 49. Rxc1 bxc1=Q+ 50. Kf6 Qf1+ 51. Ke7 f6
52. Kd6 Kb7 53. Kc5 f5 54. Kd6 Qf3 55. Ke6 a5 56. Kf6 a4 57. Kg7 a3 58. Kh7 a2
59. Kh6 a1=Q 60. Kh7 Qah1+ 61. Kg7 Qxg3+ 62. Kf6 f4 63. Ke6 Qe4+ 64. Kf6 Qgg6#
0-1

[Event "NK Pupillendag 2015"]
[Site "Roosendaal"]
[Date "2015.06.20"]
[Round "3.6"]
[White "F06: Tjong Tjin Joe Wesley"]
[Black "Warnaar Tim"]
[Result "0-1"]
[WhiteElo "757"]
[BlackElo "500"]
[PlyCount "162"]
[EventDate "2015.06.20"]
[WhiteClock "0:13:10"]
[BlackClock "0:21:30"]

1. e4 e5 2. Nf3 Nc6 3. Bc4 f6 4. Nc3 Nge7 5. d3 g6 6. O-O Bg7 7. Be3 d6 8. Qd2
Bg4 9. Ne1 Qd7 10. h3 Be6 11. Bxe6 Qxe6 12. Nb5 O-O-O 13. d4 a6 14. Nc3 exd4
15. Bxd4 Nxd4 16. Qxd4 Nc6 17. Qd3 f5 18. f3 Ne5 19. Qd5 Qxd5 20. Nxd5 c6 21.
Nf4 Nc4 22. Ne6 Bxb2 23. Rb1 Rde8 24. Nf4 g5 25. Nfd3 Bd4+ 26. Kh1 Nd2 27. Rb4
Nxf1 28. Rxd4 Ng3+ 29. Kh2 fxe4 30. Kxg3 exd3 31. Nxd3 Kc7 32. Kg4 c5 33. Rd5
Kc6 34. Rxg5 Reg8 35. g3 Rxg5+ 36. Kxg5 Rg8+ 37. Kf4 c4 38. Nb4+ Kb5 39. Nd5
Kc5 40. Ne3 d5 41. c3 d4 42. cxd4+ Kxd4 43. Nc2+ Kd3 44. Nb4+ Kd2 45. g4 c3 46.
Kf5 c2 47. Nxc2 Kxc2 48. f4 Kc3 49. Kf6 Rg6+ 50. Kf5 Kd4 51. h4 Rg8 52. g5 Rf8+
53. Kg4 Kd5 54. Kh5 Ke6 55. Kg4 Kf7 56. h5 Kg7 57. a3 h6 58. a4 hxg5 59. fxg5
Rh8 60. Kh4 Rf8 61. Kg4 b6 62. Kh4 Rf4+ 63. Kg3 Rxa4 64. h6+ Kg6 65. Kf3 b5 66.
Ke3 b4 67. Kd3 b3 68. Kc3 Rb4 69. Kb2 a5 70. Ka3 a4 71. Kb2 a3+ 72. Kb1 a2+ 73.
Kb2 Ra4 74. Ka1 b2+ 75. Kxb2 a1=Q+ 76. Kb3 Qa3+ 77. Kc2 Rc4+ 78. Kd2 Qa2+ 79.
Kd3 Qb3+ 80. Kd2 Rc2+ 81. Kd1 Qb1# 0-1

[Event "NK Pupillendag 2015"]
[Site "Roosendaal"]
[Date "2015.06.20"]
[Round "3.7"]
[White "F07: Tiggelaar Joas"]
[Black "Lipschart Olivier"]
[Result "0-1"]
[WhiteElo "834"]
[BlackElo "709"]
[PlyCount "112"]
[EventDate "2015.06.20"]
[WhiteClock "0:13:43"]
[BlackClock "0:17:32"]

1. e4 e5 2. Nf3 Nc6 3. Bc4 Bc5 4. c3 Nf6 5. d3 O-O 6. Bg5 h6 7. Bh4 d6 8. h3
Be6 9. Qb3 Bxc4 10. Qxc4 a6 11. d4 exd4 12. cxd4 Bb4+ 13. Nbd2 b5 14. Qb3 Bxd2+
15. Nxd2 Nxd4 16. Qd3 Nc6 17. O-O Re8 18. Qc2 Nd4 19. Qd3 Ne6 20. Qf3 Kh7 21.
Qf5+ Kg8 22. Rac1 Nd4 23. Qd5 Ne2+ 24. Kh1 Nxc1 25. Rxc1 Nxd5 26. Bxd8 Raxd8
27. exd5 Re5 28. Rxc7 Rxd5 29. Ne4 Re5 30. Ng3 d5 31. Rc1 d4 32. Rd1 d3 33. Rd2
Rc5 34. Ne4 Rc2 35. Rd1 d2 36. Kh2 Rxb2 37. f4 Rxa2 38. g4 b4 39. Kg3 b3 40.
Nc3 Rc2 41. Na4 b2 42. Nxb2 Rxb2 43. Kf2 a5 44. Ke2 a4 45. f5 a3 46. Ra1 d1=Q+
47. Ke3 Qxa1 48. Kf4 Rf2+ 49. Kg3 Qg1+ 50. Kh4 g5+ 51. Kh5 Qh2 52. Kxh6 Qxh3+
53. Kxg5 Rd4 54. Kf6 Qxg4 55. Ke7 Re2+ 56. Kf6 Rd6# 1-0